Представление документа в формате MARC21

Поле Инд. ПП Название Значение
Тип записи a
Библиографический уровень i
001 Контрольный номер UNIDUBNA30751d5aedba498da659d3f76114fdb0
005 Дата корректировки 20260130195501.2
041 0_ a Код языка текста eng
090 a Полочн. индекс Внешний ресурс
245 10 a Заглавие OpenAlex
b Продолж. заглавия [academic search engine]
c Ответственность OurResearch
257 a Страна производителя архивных фильмов зарубежный
260 a Место издания USA
260 c Дата издания 2022 -
336 a Термин вида содержания Электронные данные
353 a статьи
353 a главы книг
353 a книги
353 a наборы данных
353 a диссертации
353 a препринты
353 a библиометрические данные
380 a информационно-поисковая система
380 a информационно-аналитическая система
520 0_ a Аннотация Научно-поисковая и аналитическая система некоммерческой компании OurResearch (США) с открытым исходным кодом и бесплатно доступными данными, развивается с 2022 г. Название отсылает к древней Александрийской библиотеке и выражает заявленную авторами мечту – предоставить открытый указатель всего научного контента. В основе – каталог работ (статей, глав книг, диссертаций, препринтов, наборов данных), который унаследовал данные Microsoft Academic Graf и пополняется (основные источники данных – Crossref, ORCID, ROR, DOAJ, Pubmed, ArXiv, Zenodo), текущий объем индексирования приближается к 300 млн. публикаций (их треть - в открытом доступе) из ок. 280 тыс. источников. В совокупности набор данных системы представляет сеть объектов разных типов во взаимосвязи, своего рода карту мировой исследовательской инфраструктуры: работы, их авторов, источники публикаций, научные учреждения, спонсоров исследований, награды. Поиск можно осуществлять в каждой из этих категорий с применением различных фильтров, в том числе библиометрических (анализ происходит в границах охвата системы). Тематика определяется с использованием машинного обучения. Система интегрирована с БД свободно доступных публикаций Unpaywall этой же компании. Результаты поиска можно экспортировать
540 a Правовые условия Открытый доступ
b Поставщик/Провайдер OurResearch
650 04 a Основная рубрика биология
a Основная рубрика естествознание
a Основная рубрика информатика
a Основная рубрика информационные технологии
a Основная рубрика математика
a Основная рубрика медицина
a Основная рубрика механика
a Основная рубрика науки о Земле
a Основная рубрика образование
a Основная рубрика психология
a Основная рубрика социальные науки (общественные науки)
a Основная рубрика техника
a Основная рубрика технология
a Основная рубрика физика
a Основная рубрика филологические науки
a Основная рубрика философия
a Основная рубрика химия
a Основная рубрика экология
a Основная рубрика языкознание
856 40 a Имя сервера/домена OpenAlex
u URL https://openalex.org
i Указания/сценарий входа Открытый доступ
856 40 a Имя сервера/домена OpenAlex. Works search
u URL https://openalex.org/works
856 40 a Имя сервера/домена OpenAlex. Authors search
u URL https://openalex.org/authors
856 40 a Имя сервера/домена OpenAlex. Institutions search
u URL https://openalex.org/institutions
900 a Имя электронного ресурса OpenAlex_
901 t Тип документа 0